| 000 | 00550nam a2200193 a 4500 | ||
|---|---|---|---|
| 001 | 1772014604797 | ||
| 003 | YourLibrary | ||
| 005 | 20260225154809.0 | ||
| 008 | 260225s2000##################000#0#eng## | ||
| 020 | _a9780349112985 | ||
| 082 | 0 | 4 |
_a323.092 _bKIN |
| 100 | 1 |
_a(Jr.), Martin Luther King, _eauthor. |
|
| 245 | 1 | 0 | _aThe Autobiography of Martin Luther King, Jr : |
| 260 |
_bLittle Brown, _c2000. |
||
| 300 | _a400 pages | ||
| 650 | 0 | _aAfrican American civil rights workers. | |
| 942 | _cENGLISH | ||
| 040 |
_aYourLibrary _beng _cYourLibrary |
||
| 999 |
_c615820 _d615820 |
||